KOHA-Header-6

Patras Kay Mazameen (Record no. 2533)

000 -LEADER
fixed length control field 00262nam a2200109Ia 4500
008 - FIXED-LENGTH DATA ELEMENTS--GENERAL INFORMATION
fixed length control field 190802s9999 xx 000 0 und d
100 ## - MAIN ENTRY--PERSONAL NAME
Personal name Patras Bukhari
245 #0 - TITLE STATEMENT
Title Patras Kay Mazameen
260 ## - PUBLICATION, DISTRIBUTION, ETC. (IMPRINT)
Place of publication, distribution, etc Lahore
Name of publisher, distributor, etc Farid Publications
Date of publication, distribution, etc 2015
300 ## - PHYSICAL DESCRIPTION
Extent 82:p
942 ## - ADDED ENTRY ELEMENTS (KOHA)
Koha item type Books
Holdings
Withdrawn status Lost status Damaged status Not for loan Collection code Permanent Location Current Location Shelving location Date acquired Total Checkouts Full call number Barcode Date last seen Date checked out Price effective from Koha item type
        Urdu Literature MAJU MAJU   2019-08-03 1 910.4 9156 2021-06-30 2020-12-16 2019-08-03 Urdu Literature

Powered by Koha